000 00645nam a22002177a 4500
999 _c5910
_d5910
003 GBCCL
005 20241126110552.0
008 180417b ||||| |||| 00| 0 eng d
020 _a2825408212
040 _cgbc
082 _a266
_bCAS
100 _aCastro, Emilio
_910696
245 _aSent free:
_bMission and unity in the perspective of the kingdom /
_cEmilio Castro
250 _a1st Ind. reprint
260 _aMadras:
_bChristian Literature Society,
_c1988
300 _a102 p.;
_c21 cm.
650 _aMissions, Christian Union
_910697
650 _aMissions of the Church
_910078
650 _aKingdom of God
_92865
942 _2ddc
_cBK
_01